000 01026nam a22003257a 4500
003 CHAP
005 20220329134843.0
008 971013s r 00010 d
010 _a26965
011 _a27937
035 _a32038
040 _cCHAP
090 _aFolleto 5135
110 _aLaboratorio Nacional de Hidráulica. Venezuela
_964284
245 _aMemoria y cuenta
_b: 19 - .
260 _aCaracas :
_bLaboratorio Nacional de Hidráulica,
_c19 - .
300 _av.
500 _aLa biblioteca tiene: 1977
590 _aBATCH-UPD
_b10
_c20130110
_lUCH01
_h0038
590 _aBATCH-UPD
_b10
_c20130110
_lUCH01
_h0914
590 _aBATCH-UPD
_b10
_c20130409
_lUCH01
_h2022
590 _aBATCH-UPD
_b10
_c20130410
_lUCH01
_h0538
590 _aBATCH-UPD
_b10
_c20130914
_lUCH01
_h1613
590 _aCONVERSION
_b10
_c20130109
_lUCH01
_h1315
650 1 4 _aHidráulica.
_955219
650 1 4 _aHidráulica
_xLaboratorios.
_955226
901 _aBK
942 _cFOLL
949 _aFolleto 5135
_bBC
_cFOLL
_d-74165
_eTS1
_i32038
_mD
_si
999 _c26965
_d26965